000 00335nam a2200133Ia 4500
008 220204s9999 xx 000 0 und d
082 _a632.9(035)
_bFRY
245 0 _aWeed control handbook. 2 V in 3 parts
260 _aOxford
_bBlackwell
_c1968
505 _aV 2 ..Ed 5
700 _aEvans, S A
700 _aFryer, J D
942 _cBK
999 _c21152
_d21152